50 Biggest towns in Tasmania - Statistics

General Stats
  • This quiz has been taken 80 times
  • The average score is 19 of 50
Answer Stats
Hint Answer % Correct
197,451 Hobart
100%
80,943 Launceston
94%
24,591 Devonport
92%
16,200 Burnie
86%
12,723 Ulverstone
75%
1,772 Queenstown
71%
1,573 St Helens
65%
4,408 George Town
63%
3,330 Penguin
63%
3,282 Smithton
61%
6,153 New Norfolk
59%
823 Campbell Town
55%
2,631 Deloraine
53%
5,387 Wynyard
53%
702 Zeehan
53%
3,180 Sorell
51%
711 Swansea
51%
934 Richmond
47%
1,979 Scottsdale
45%
797 Bicheno
43%
2,071 Huonville
43%
3,711 Longford
43%
1,371 Bridport
41%
3,233 Perth
41%
4,456 Latrobe
39%
1,057 Cygnet
33%
1,195 Sheffield
33%
4,067 Somerset
33%
722 Triabunna
31%
2,572 Margate
29%
1,093 Beaconsfield
27%
2,221 Port Sorell
27%
4,252 Legana
25%
3,384 Midway Point
24%
749 Rosebery
24%
1,666 Westbury
24%
759 Exeter
20%
1,440 Snug
20%
887 Railton
18%
1,231 Beauty Point
16%
1,058 Evandale
14%
943 Kettering
14%
1,037 Grindelwald
12%
2,337 Hadspen
8%
1,209 Primrose Sands
6%
1,484 Ranelagh
6%
2,051 Shearwater
6%
763 Fern Tree
4%
724 Stieglitz
2%
717 Howden
0%
No matching quizzes found
Score Distribution
Percent of People with Each Score
Percentile by Number Answered
Your Score History
You have not taken this quiz